000 00481nam a2200157Ia 4500
008 100122s9999 xx 000 0 und d
082 _b40308
_a821
100 _aपंडित रघुनाथ
245 _aदमयंती-स्वयंवर
250 _a3
260 _bव्हीनस प्रकाशन
_c1969
300 _a104
630 _aदमयंती-स्वयंवर
730 _aदमयंती-स्वयंवर
942 _cBOOK
999 _c421204
_d421201